America's forgotten colony (Registro nro. 317111)
[ vista simple ]
| 000 -ENCABEZADO | |
|---|---|
| Número de control [NR] | 00955 a2200241 4500 |
| 005 - FECHA Y HORA DE LA ÚLTIMA TRANSACCIÓN | |
| control field | 20200329154423.0 |
| 008 - DE LONGITUD FIJA DE DATOS DE ELEMENTOS - INFORMACIÓN GENERAL | |
| Elementos de longitud fija [NR] | 200304s2016 nyua|||gr|||| 00| 0 eng d |
| 020 ## - NUMERO INTERNACIONAL NORMALIZADO PARA LIBROS [R] | |
| Número Internacional Normalizado del libro [NR] | 9781316502013 |
| 040 ## - FUENTE DE CATALOGACION [NR] | |
| Agencia de catalogación original [NR] | CO-BoUCM |
| Idioma de catalogación [NR] | spa |
| Quien Cataloga | Deissy Garcia |
| Quien Clasifica | Deissy Garcia |
| 041 0# - CODIGO DE IDIOMA [R] | |
| Código de idioma para texto/pista de sonido o título separado [R] | Inglés |
| 100 1# - ASIENTO PRINCIPAL--NOMBRE PERSONAL [NR] | |
| Nombre personal [NR] | Neagle, Michael |
| ID Autoridad | 100125 |
| 245 10 - MENCION DE TITULO [NR] | |
| Título [NR] | America's forgotten colony |
| Parte restante del título [NR] | Cuba's Isle of Pines |
| Mención de responsabilidad, etc. [NR] | Michael E. Neagl |
| 260 ## - PUBLICACION, DISTRIBUCION, ETC. (PIE DE IMPRENTA) [R] | |
| Nombre del editor, distribuidor, etc. [R] | Cambridge University Press |
| Fecha de publicación, distribución, etc. [R] | 2016 |
| Lugar de publicación, distribución, etc. [R] | Nueva York |
| 300 ## - DESCRIPCION FISICA [R] | |
| Extensión [R] | xv, 306 páginas |
| Otros detalles físicos [NR] | ilustraciones, mapas |
| 490 0# - MENCION DE SERIE [R] | |
| Mención de serie [R] | Cambridge studies in US foreign relations |
| 504 ## - NOTA DE BIBLIOGRAFIA, ETC. [R] | |
| Nota de bibliografía, etc. [NR] | Incluye referencias bibliográficas e índices |
| 650 17 - ASIENTO SECUNDARIO DE MATERIA - TERMINO TEMATICO [R] | |
| Fuente del encabezamiento o término [NR] | Historia |
| Subdivisión cronológica [R] | Siglo XX |
| Subdivisión geográfica [R] | Estados Unidos |
| 9 (RLIN) | 100126 |
| 651 10 - ASIENTO SECUNDARIO DE MATERIA - NOMBRE GEOGRAFICO [R] | |
| Nombre geográfico [NR] | Isla de la Juventud (Cuba) |
| Subdivisión general [R] | Historia |
| 9 (RLIN) | 100127 |
| 651 10 - ASIENTO SECUNDARIO DE MATERIA - NOMBRE GEOGRAFICO [R] | |
| Nombre geográfico [NR] | Cuba |
| Subdivisión general [R] | Relaciones internacionales |
| 9 (RLIN) | 100128 |
| 651 10 - ASIENTO SECUNDARIO DE MATERIA - NOMBRE GEOGRAFICO [R] | |
| Nombre geográfico [NR] | Estados Unidos |
| Subdivisión geográfica [R] | Relaciones internacionales |
| 9 (RLIN) | 100129 |
| 942 ## - ELEMENTOS DE ENTRADA AGREGADOS (KOHA) | |
| Tipo de ítem principal el descrito en 300a | Libro |
| Sistema de clasificación | DEWEY |
| Tema principal | Historia |
| Edición | 20 |
| Clasificación | 972.91 |
| Parte restante de la signatura top. | N338a |
| Total préstamos | Signatura topográfica | Código de barras | Última vez visto | Ejemplar | Costo de reposición | Price effective from | Tipo de ítem | Perdido | Sistema de clasificación | Dañado | No prestable | Tipo de ítem específico | Suprimido | Ubicación habitual | Ubicación actual | Localización | Fecha de creación | Proveedor | Forma de adquisición | Costo |
|---|---|---|---|---|---|---|---|---|---|---|---|---|---|---|---|---|---|---|---|---|
| 972.91 N338a | 100165641 | 10/12/2025 | Ej.1 | 26000.00 | 30/01/2020 | Libro | DEWEY | Libro | Claustro | Claustro | 2do piso | 30/01/2020 | 12 | Donación | 0.00 |